Jisté je, že budoucnost mobilního bankovnictví je nejistá
Bankové služby sa začínajú neuveriteľným tempom koncentrovať do podoby mobilného telefónu. Sú ohlasované inovované aplikácie bánk, ktoré demonštrujú radu nových schopností, ako napr. autorizácia otlačkom prstu, bezkontaktné platby a pod. Mobilná aplikácia nie je izolovanou digitálnou službou, je pot...
Enregistré dans:
| Auteur principal: | |
|---|---|
| Format: | Chapitre de livre |
| Langue: | tchèque |
| Sujets: | |
| Tags: |
Pas de tags, Soyez le premier à ajouter un tag!
|
MARC
| LEADER | 00000naa a2200000 4500 | ||
|---|---|---|---|
| 001 | 0242716 | ||
| 005 | 20180510084603.0 | ||
| 041 | 0 | |a cze | |
| 044 | |a CZ | ||
| 245 | 1 | 0 | |a Jisté je, že budoucnost mobilního bankovnictví je nejistá |c Ondřej Švihálek |
| 520 | |a Bankové služby sa začínajú neuveriteľným tempom koncentrovať do podoby mobilného telefónu. Sú ohlasované inovované aplikácie bánk, ktoré demonštrujú radu nových schopností, ako napr. autorizácia otlačkom prstu, bezkontaktné platby a pod. Mobilná aplikácia nie je izolovanou digitálnou službou, je potrebné ju definovať v súlade s dlhodobou digitálnou statégioiu a v kontexte technologických trendov a vznikajúcich digitálnych kanálov. | ||
| 610 | 2 | 0 | |a telefón mobilný |
| 610 | 2 | 0 | |a bankovníctvo mobilné |
| 610 | 2 | 0 | |a bankovníctvo |
| 610 | 2 | 0 | |a prognózy |
| 610 | 2 | 0 | |a technológie informačné |
| 610 | 2 | 0 | |a technológie komunikačné |
| 610 | 2 | 0 | |a technológie nové |
| 100 | 1 | |a Švihálek, Ondřej | |